Bioquímica
Zapisane w:
| 1. autor: | |
|---|---|
| Format: | Książka |
| Język: | hiszpański |
| Wydane: |
Buenos Aires
Inter-Médica
1968
|
| Hasła przedmiotowe: | |
| Etykiety: |
Dodaj etykietę
Nie ma etykietki, Dołącz pierwszą etykiete!
|
MARC
| LEADER | 00000nam a2200000 a 4500 | ||
|---|---|---|---|
| 001 | UCT1411 | ||
| 003 | CL-VaPUC | ||
| 008 | 960927e19680000AG |||||||||||||||||spa|d | ||
| 082 | 0 | 4 | |a 572 |b NIE |2 21 |
| 100 | |a Niemeyer Fernández, Hermann M. |e autor |9 370276 | ||
| 245 | 1 | 0 | |a Bioquímica |
| 300 | |a 360 p | ||
| 942 | |c BK | ||
| 945 | |d 19960927 00:00:00 |a cmena | ||
| 260 | |a Buenos Aires |b Inter-Médica |c 1968 | ||
| 650 | 7 | |a FENOMENOS BIOQUIMICOS |2 CL-VaPUC |9 360969 | |
| 650 | 7 | |a PRODUCTOS QUIMICOS ORGANICOS |2 CL-VaPUC |9 344420 | |
| 650 | 0 | |a Hidratos de carbono |9 360963 | |
| 650 | 0 | |a Lípidos |9 306890 | |
| 650 | 7 | |a PROTEINAS |2 CL-VaPUC |9 370277 | |
| 650 | 0 | |a Ácidos nucleicos |9 348842 | |
| 650 | 0 | |a Enzimas |9 262984 | |
| 650 | 0 | |a Metabolismo |9 259893 | |
| 650 | 7 | |a BIOSINTESIS |2 CL-VaPUC |9 269567 | |
| 650 | 0 | |a Vitaminas |9 343802 | |
| 650 | 7 | |a HORMONAS |2 CL-VaPUC |9 269554 | |
| 583 | |a last modification |c 19960927 00:00:00 |k Rodrigo Vera | ||
| 999 | |c 251942 |d 251940 | ||
| 952 | |0 0 |1 0 |2 ddc |4 0 |6 572_000000000000000_NIE_1968 |7 0 |8 A |9 271476 |a BIBCUR |b BIBCUR |c PAC |d 2019-11-19 |i 1755137 |o 572 NIE 1968 |p 1755137 |r 2025-04-22 |w 2019-11-19 |y BK |k BCB | ||